000 01061nac a22003011i 4500
003 EG-ScBUE
005 20241002140037.0
008 241002s1999 nyua f 001 0 eng d
020 _a0471153060 (cloth : alk. paper)
020 _a9780471153061
040 _aEG-ScBUE
_beng
_erda
_cEG-ScBUE
_dEG-ScBUE
082 0 4 _a515
_bANT
_222
100 1 _aAnton, Howard,
_eauthor.
245 1 0 _aCalculus :
_ba new horizon /
_cHoward Anton, Drexel University.
250 _aSixth edition.
264 1 _aNew York :
_bJohn Wiley & Sons,
_c1999.
300 _axxxii, 1130, 129, 13 pages :
_billustrations (some color) ;
_c27 cm
336 _2rdacontent
_atext
_btxt
337 _aunmediated
_2rdamedia
_bn
338 _avolume
_bnc
_2rdacarrier
500 _aRev. ed. of: Calculus with analytic geometry. 5th ed. c1995.
500 _aIncludes index.
650 7 _aCalculus.
_2BUEsh
650 7 _aGeometry, Analytic.
_2BUEsh
655 _vReading book
856 4 1 _3Table of contents
_uhttp://www.loc.gov/catdir/toc/wiley022/98013917.html
942 _cBB
_2ddc
999 _c1251
_d1251